00844nam a22002297a 45000010005000000030006000050050017000110080041000280200018000690400029000870500016001160820010001321000027001422450079001692600037002483000056002855050007003415200196003485210021005445210018005656500031005839859FISKH20260309163812.0260309b cb ||||| |||| 00| 0 eng d a9780142403624 aFISKHbengcFISKHdFISKH aTH9391 .K35 a974.7 aKalman, Maira eAuthor aFireboat :bThe heroic adventures of the John J. Harvey /cby Maira Kalman aNew York :bPuffin Books ,c2002 a40 unnumbered pages :bcolor illustrations ;c26 cm aL  aA fireboat, launched in 1931, is retired after many years of fighting fires along the Hudson River, but is saved from being scrapped and then called into service again on September 11, 2001. 8 a600 bLexile AD 8 aL bRaz-Plus  aTerrorism vTransportation